| 000 | 00857nam a2200277 4500 | ||
|---|---|---|---|
| 003 | OSt | ||
| 005 | 20260601193843.0 | ||
| 008 | 260421b2007 gw |||| |||| 00| 0 eng d | ||
| 020 | _a9783764384845 | ||
| 040 |
_aICI _bspa _cICI |
||
| 050 |
_aNK1520 _b.C76 2007 |
||
| 100 | 1 |
_aCross, Nigel, _d1942- _931041 |
|
| 245 | 1 |
_aDesignerly ways of knowing _cNigel Cross |
|
| 250 | _a1a edición (reimpresión 2007) | ||
| 260 |
_aLondon _bSpringer _c2007 |
||
| 264 |
_bSpringer Verlag AG _c2007 |
||
| 300 |
_a138 páginas _c23cm. |
||
| 336 |
_atexto _2rdacontent |
||
| 337 |
_asin medio _2rdamedia |
||
| 338 |
_avolumen _2rdacarrier |
||
| 500 | _aObra que analiza el pensamiento del diseño como disciplina cognitiva. | ||
| 650 |
_aDiseño _xMetodología. |
||
| 650 |
_aDiseño _xAspectos cognitivos. _931043 |
||
| 650 | _aPensamiento creativo | ||
| 942 |
_2lcc _cB |
||
| 999 |
_c21521 _d21521 |
||